Germanismen in der slowakischen Sprache bakalárska práca

Gespeichert in:
Bibliographische Detailangaben
1. Verfasser: Cholková, Barbora
Körperschaft: Fakulta aplikovaných jazykov EU v Bratislave. Katedra jazykovedy a translatológie
Weitere Verfasser: Adamcová, Lívia
Format: Buch
Sprache:Deutsch
Veröffentlicht: Bratislava 2018
Tags: Tag hinzufügen
Keine Tags, Fügen Sie das erste Tag hinzu!

MARC

LEADER 00000nbm a2200000 4500
001 0244001
005 20181011092526.9
041 0 |a ger 
044 |a SK 
245 1 0 |a Germanismen in der slowakischen Sprache  |b bakalárska práca  |c Barbora Cholková ; školiteľ: Lívia Adamcová 
264 1 |a Bratislava  |c 2018 
300 |a 62 s. 
100 1 |a Cholková, Barbora 
700 1 |a Adamcová, Lívia 
710 2 |a Fakulta aplikovaných jazykov EU v Bratislave. Katedra jazykovedy a translatológie